KOHA-Header-6

Introduction To Logic (Record no. 6475)

000 -LEADER
fixed length control field 00264nam a2200109Ia 4500
100 ## - MAIN ENTRY--AUTHOR NAME
Personal name Copi, Cohen
245 #0 - TITLE STATEMENT
Title Introduction To Logic
260 ## - PUBLICATION, DISTRIBUTION, ETC. (IMPRINT)
Place of publication New Delhi
Name of publisher Dorling Kindersley
Year of publication 2009
300 ## - PHYSICAL DESCRIPTION
Number of Pages 686
942 ## - ADDED ENTRY ELEMENTS (KOHA)
Koha item type Books
Holdings
Withdrawn status Lost status Collection code Permanent Location Current Location Shelving location Date acquired Full call number Accession Number Koha item type
    Management MAJU MAJU   2019-09-07 346.549 5954 Management

Powered by Koha